000
00274 a2200145 4500
001
172150
020
_a
040
_c
Magnum
240
1
0
_a
João e maria
_l
por
245
1
0
_a
João e maria
300
_a
8
440
1
_a
FTD
697
_a
LITERATURA INFANTO
942
_c
BK
999
_c
172150
_d
172150